000
00297nam a22001337a 4500
008
181022b xxu||||| |||| 00| 0 eng d
020
_a
061406414
041
_a
eng
080
_a
616.12
100
_a
7
101
_a
KAR
245
_a
ECG Diagnosis self assessment
_c
Chung,E.K
942
_2
udc
_c
BK
999
_c
50480
_d
50480